MARC

LEADER 00000nam0a2200000 4500
001 202456
005 20231031185357.0
020 |a RU  |b 82-2506 
035 |a (RuTPU)RU\TPU\book\220613 
090 |a 202456 
100 |a 20111013d1981 k a0rusy5003 ca 
101 0 |a rus 
102 |a RU 
105 |a a z 001zy 
200 1 |a Технология и комплексная механизация торфяного производства  |e межвузовский тематический сборник  |f Калининский политехнический институт (КПИ) ; под ред. В. М. Наумовича 
210 |a Калинин  |c Калинин. ун-т  |d 1981 
215 |a 159 с.  |c ил.  |d 20 см. 
610 1 |a торфодобыча 
610 1 |a торф 
610 1 |a технология 
610 1 |a торфяное производство 
610 1 |a комплексная механизация 
610 1 |a переработка 
610 1 |a добыча 
610 1 |a переработка 
610 1 |a эффективность 
610 1 |a технологические процессы 
610 1 |a повышение 
675 |a 622.331  |z rus 
702 1 |a Наумович  |b В. М.  |g Василий Митрофанович  |4 340 
712 0 2 |a Калининский политехнический институт (КПИ)  |c (1958-1990)  |2 stltpush  |3 (RuTPU)RU\TPU\col\7669 
801 0 |a RU  |b RuMRKP  |c 19950704  |g psbo 
801 1 |a RU  |b 63413507  |c 20111013 
801 2 |a RU  |b 63413507  |c 20190620  |g RCR 
942 |c BK